| Tag |
First Indicator |
Second Indicator |
Subfields |
| LEADER |
00000cam a2200000 a 4500 |
| 001 |
in00001175310 |
| 005 |
20151002050412.0 |
| 008 |
930426s1993 ctu 000 0 eng |
| 010 |
|
|
|a 93013728
|
| 020 |
|
|
|a 1881987019 (acid free paper)
|
| 035 |
|
|
|a (OCoLC)28111354
|
| 035 |
|
|
|9 AGG7956AM
|
| 040 |
|
|
|a DLC
|c DLC
|d TXA
|d UtOrBLW
|
| 043 |
|
|
|a n-us-hi
|
| 049 |
|
|
|a TXAM
|
| 050 |
0 |
0 |
|a DU623.25
|b .A32 1993
|
| 082 |
0 |
0 |
|a 919.6904/4
|2 20
|
| 100 |
1 |
|
|a Adler, Peter S.,
|d 1944-
|
| 245 |
1 |
0 |
|a Beyond paradise :
|b encounters in Hawaii where the tour bus never runs /
|c Peter S. Adler.
|
| 264 |
|
1 |
|a Woodbridge, Conn. :
|b Ox Bow Press,
|c [1993]
|
| 300 |
|
|
|a xv, 269 pages ;
|c 22 cm.
|
| 336 |
|
|
|a text
|b txt
|2 rdacontent
|
| 337 |
|
|
|a unmediated
|b n
|2 rdamedia
|
| 338 |
|
|
|a volume
|b nc
|2 rdacarrier
|
| 500 |
|
|
|a Publication date inferred from CIP data.
|
| 651 |
|
0 |
|a Hawaii.
|
| 999 |
|
|
|a MARS
|
| 999 |
f |
f |
|s e910810c-ca7c-31d5-b91f-657718b5db5b
|i 1786c880-f352-39f6-8b5e-35a0ad10864a
|t 0
|
| 952 |
f |
f |
|p ric
|a Texas A&M University
|b Rellis Campus
|c Joint Library Facility
|d Remote Storage
|t 0
|e DU623.25 .A32 1993
|h Library of Congress classification
|i unmediated -- volume
|m A14818219212
|
| 998 |
f |
f |
|a DU623.25 .A32 1993
|t 0
|l Remote Storage
|